| 000 | 01281nam a2200349 i 4500 | ||
|---|---|---|---|
| 001 | 195728 | ||
| 003 | SpMaBN | ||
| 005 | 20250406172002.0 | ||
| 008 | 241214s2009 sp | |||| 000 m spa | ||
| 017 |
_aM 10547-2009 _bOficina Depósito Legal Madrid |
||
| 020 | _a9788498863512 | ||
| 035 | _a(OCoLC)733701660 | ||
| 035 | _aa4581832 | ||
| 040 |
_aSpMaBN _bspa _cSpMaBN _erdc _dES-MaACL |
||
| 080 | _a821.134.2"19"(082.2) | ||
| 245 | 0 | 0 |
_aAtrapados en la red... de la amistad / _c[selección de] Miguel Ortega Isla. |
| 260 |
_a[Madrid] : _bVisión Libros, _cD.L. 2009. |
||
| 300 |
_a131 p. : _c21 cm. |
||
| 336 |
_2rdacontent _atexto |
||
| 337 |
_2rdamedia _asin mediación |
||
| 338 |
_2rdacarrier _avolumen |
||
| 490 | 1 |
_aLi-Poesía ; _v6 |
|
| 650 | 7 |
_aLiteratura española- _yS.XX _9148763 |
|
| 655 | 7 |
_2tgfbne _9176539 _aPoesías |
|
| 700 | 1 |
_aOrtega Isla, Miguel, _d1929- _eedt _9141868 |
|
| 830 |
_aLi-Poesía (Madrid) ; _v6 _9237400 |
||
| 852 |
_aES-MaACL _bR.153481 _cDEPOJ _jN-8734 _hDonación: Editorial _xEncuadernación rústica _9204488 |
||
| 942 |
_cMONOGRAFIA _n0 |
||
| 954 | _iTatiana Alejandra de Castro Pérez | ||
| 999 |
_c195728 _d195728 |
||